000 00300nam a2200121Ia 4500
008 220204s9999 xx 000 0 und d
082 _a523.4
_bHAN
100 _aALFVEN, Kerstin
245 0 _aLiving on the third planet
260 _aSan Francisco
_cWH Freeman;1972
700 _aHANNES
942 _cBK
999 _c25497
_d25497